000 00877nam a2200241 i 4500
001 8296
003 ES-MaACL
005 20251001145913.0
007 t|
008 920430s1991 sp |||| | spa d
020 _a84-7196-815-0
080 _a336.2(468.15)"1746/1780"
100 1 _aZafra Oteyza, Juan.
_9117834
245 1 0 _aFiscalidad y antiguo régimen
_b: las rentas provinciales del reino de Granada (1746-1780) /
_cJuan Zafra Oteyza ; prólogo, Gonzalo Anes.
260 _aSevilla :
_bJunta de Andalucia ;
_aMadrid :
_bInstituto de Estudios Fiscales,
_c1991.
300 _a453 p. ;
_c24 cm.
650 1 4 _aImpuestos-
_zGranada (Reino)
_9168061
700 1 _aAnes, Gonzalo,
_d1931-2014
_921689
710 1 _aAndalucía.
_bJunta.
_91396
710 2 _aInstituto de Estudios Fiscales (España)
_9169207
852 _aES-MaACL
_jL-15679
999 _c8296
_d8296